| 000 | 00522nam a2200193Ia 4500 | ||
|---|---|---|---|
| 003 | GCL | ||
| 008 | 140319s9999 xx 000 0 eng d | ||
| 040 |
_aGCL / _cGCL |
||
| 082 | 0 | 4 |
_a791.443 _bK B |
| 100 | 1 | _aKICHAEL. MICHAEL C. | |
| 245 | 1 | 0 |
_aBROADCAST VOICE PERFORMANCE / _cKICHAEL. MICHAEL C. |
| 260 |
_a[S.N] : _bFOCAL PRESS ، _c1989 |
||
| 300 | _a160 P | ||
| 650 | 0 | 4 | _aRADIO ANNOUNCING |
| 650 | 0 | 4 | _aTELEVISION - ANNOUNCING |
| 650 | 0 | 4 | _aVOICE CULTURE |
| 650 | 0 | 4 | _aBROODCASTING VOCATIONAL |
| 942 |
_2ddc _cBK |
||
| 999 |
_c20289 _d20289 |
||